书目信息 |
| 题名: |
公司理财
|
|
| 作者: | 李曼红 , 江娅 , 刘军 , 李焰 编著 | |
| 分册: | ||
| 出版信息: | 北京 中国人民大学出版社 1999.12 |
|
| 页数: | 254页 | |
| 开本: | 16开 | |
| 丛书名: | 21世纪工商管理系列教材 | |
| 单 册: | ||
| 中图分类: | F276.6 | |
| 科图分类: | ||
| 主题词: | 公司--财务--管理 , 财务管理 | |
| 电子资源: | ||
| ISBN: | 7-300-03202-8 | |
| 000 | 00739nam0 2200265 45 | |
| 001 | 0211260877 | |
| 005 | 20070703094220.54 | |
| 010 | @a7-300-03202-8@dCNY19.00 | |
| 100 | @a20021126d1999 km y0chiy0120 ea | |
| 101 | 0 | @achi |
| 105 | @ak z 000yy | |
| 200 | 1 | @a公司理财@AGong Si Li Cai@f李曼红等编著@FLi Man Hong Deng Bian Zhu |
| 210 | @a北京@c中国人民大学出版社@d1999.12 | |
| 215 | @a254页@d16开 | |
| 225 | @a21世纪工商管理系列教材 | |
| 410 | @12001 @a21世纪工商管理系列教材 | |
| 606 | 0 | @a公司@x财务@x管理 |
| 606 | 0 | @a财务管理 |
| 690 | @aF276.6@v4 | |
| 701 | @a李曼红@4编著 | |
| 701 | 0 | @a江娅@4编著 |
| 701 | 0 | @a刘军@4编著 |
| 701 | 0 | @a李焰@4编著 |
| 801 | @aCN@bTSTC@c20070703 | |
| 905 | @b318058-062@dF276.6@e119@f5 | |
| 公司理财/李曼红等编著.-北京:中国人民大学出版社,1999.12 |
| 254页;16开.-(21世纪工商管理系列教材) |
| ISBN 7-300-03202-8:CNY19.00 |
| ● |
| 相关链接 |
|
|
|
|
正题名:公司理财
索取号:F276.6/119
 
预约/预借
| 序号 | 登录号 | 条形码 | 馆藏地/架位号 | 状态 | 备注 |
| 1 | 0318058 | 203180583 | 第一借阅区/ [索取号:F276.6/119] | 在馆 | |
| 2 | 0318059 | 203180592 | 第一借阅区/ [索取号:F276.6/119] | 在馆 | |
| 3 | 0318060 | 203180609 | 第一借阅区/ [索取号:F276.6/119] | 在馆 | |
| 4 | 0318061 | 203180618 | 第一借阅区/ [索取号:F276.6/119] | 在馆 | |
| 5 | 0318062 | 203180627 | 第一借阅区/ [索取号:F276.6/119] | 在馆 | |
| 6 | 0762970 | 207629707 | 密集书库/ [索取号:F276.6/119] | 在馆 |